A short history of the Middle East : (Record no. 22236)
[ view plain ]
| 000 -LEADER | |
|---|---|
| fixed length control field | 00775cam a2200241 a 4500 |
| 001 - CONTROL NUMBER | |
| control field | 22236 |
| 003 - CONTROL NUMBER IDENTIFIER | |
| rucl marc code | BD-RjUL |
| 005 - DATE AND TIME OF LATEST TRANSACTION | |
| control field | 20211209000801.0 |
| 008 - FIXED-LENGTH DATA ELEMENTS--GENERAL INFORMATION | |
| fixed length control field | 161107r19491948dcub b 001 0 eng |
| 035 ## - SYSTEM CONTROL NUMBER | |
| System control number | (BD-RjUL)22301 |
| System control number | (OCoLC)9136061 |
| 040 ## - CATALOGING SOURCE | |
| Original cataloging agency | DLC |
| Transcribing agency | ViQM-E |
| Modifying agency | OCoLC |
| -- | ODaWU |
| -- | OCoLC |
| -- | DLC |
| Language of cataloging | eng |
| 041 ## - LANGUAGE CODE | |
| Language code of text/sound track or separate title | eng |
| 082 ## - DEWEY DECIMAL CLASSIFICATION NUMBER | |
| Classification number | 956 |
| Author mark and year | KIS 1949 |
| 100 1# - MAIN ENTRY--PERSONAL NAME | |
| Personal name | Kirk, George E. |
| Fuller form of name | (George Eden), |
| Dates associated with a name | 1911- |
| 9 (RLIN) | 68635 |
| 245 12 - TITLE STATEMENT | |
| Title | A short history of the Middle East : |
| Remainder of title | from the rise of Islam to modern times / |
| Statement of responsibility, etc. | George E. Kirk. |
| 260 ## - PUBLICATION, DISTRIBUTION, ETC. (IMPRINT) | |
| Place of publication, distribution, etc. | Washington, D.C. : |
| Name of publisher, distributor, etc. | Public Affairs Press |
| Date of publication, distribution, etc. | 1949. |
| 300 ## - PHYSICAL DESCRIPTION | |
| Pagination | [8], 301 p. : |
| Illustrations | ill ; |
| Size | 23 cm. |
| 504 ## - BIBLIOGRAPHY, ETC. NOTE | |
| Bibliography, etc | Bibliography: p. [291]-293. |
| 651 #0 - SUBJECT ADDED ENTRY--GEOGRAPHIC NAME | |
| Geographic name | Middle East |
| General subdivision | History. |
| 9 (RLIN) | 68636 |
| 942 ## - ADDED ENTRY ELEMENTS (KOHA) | |
| Source of classification or shelving scheme | Dewey Decimal Classification |
| Koha item type | Books |
| Lost status | Source of classification or shelving scheme | Damaged status | Not for loan | Collection code | Permanent Location | Current Location | Shelving location | Date acquired | Source of acquisition | Cost, normal purchase price | Total Checkouts | Full call number | Date last seen | Copy number | Koha item type |
|---|---|---|---|---|---|---|---|---|---|---|---|---|---|---|---|
| Dewey Decimal Classification | Non-fiction | Central Library, University of Rajshahi | Central Library, University of Rajshahi | Reading Room | Zeitlinger | 0.00 | 956 KIS 1949 | 06/03/2014 | C-3 | Books | |||||
| Dewey Decimal Classification | Not For Loan | Non-fiction | Central Library, University of Rajshahi | Central Library, University of Rajshahi | Reading Room | 24/01/1955 | M.B.S. Dhaka | 13.20 | 956 KIS 1952 | 15/02/2017 | C-2 | Books | |||
| Dewey Decimal Classification | Not For Loan | Non-fiction | Central Library, University of Rajshahi | Central Library, University of Rajshahi | Reading Room | 18/11/1966 | A. J. Quarashi | 18.00 | 956 KIS 1949 | 26/02/2017 | C-1 | Books |